Online
Catalog

Retailing : (Record no. 25213)

MARC details
000 -CABECERA
campo de control de longitud fija 00676nam a2200217 a 4500
001 - NÚMERO DE CONTROL
campo de control 000025721
005 - FECHA Y HORA DE LA ÚLTIMA TRANSACCIÓN
campo de control 20200930024010.0
008 - DATOS DE LONGITUD FIJA--INFORMACIÓN GENERAL
campo de control de longitud fija 110221s1962 nyua r 001 0 eng d
020 ## - NÚMERO INTERNACIONAL ESTÁNDAR DEL LIBRO
Número Internacional Estándar del Libro 070523215
040 ## - FUENTE DE LA CATALOGACIÓN
Centro catalogador/agencia de origen DO-SdBNP
Lengua de catalogación eng
Centro/agencia transcriptor BNPHU
082 ## - NÚMERO DE LA CLASIFICACIÓN DECIMAL DEWEY
Número de clasificación nn*
Número de documento/Ítem nn*
049 ## - FONDOS LOCALES (OCLC)
Fondos de biblioteca BNGR
100 1# - ENTRADA PRINCIPAL--NOMBRE DE PERSONA
Nombre de persona Richert, G. Henry.
9 (RLIN) 52490
245 10 - MENCIÓN DE TÍTULO
Título Retailing :
Resto del título principles and practices /
Mención de responsabilidad, etc. G. Henry Richert, Warren G. Meyer y Peter G. Haines.
250 ## - MENCIÓN DE EDICIÓN
Mención de edición 5a ed.
260 ## - PUBLICACIÓN, DISTRIBUCIÓN, ETC.
Lugar de publicación, distribución, etc. New York :
Nombre del editor, distribuidor, etc. Gregg Division/McGraw-hill Book Company,
Fecha de publicación, distribución, etc. 1962.
300 ## - DESCRIPCIÓN FÍSICA
Extensión ix, 581 p. :
Otras características físicas il. ;
Dimensiones 24 cm.
500 ## - NOTA GENERAL
Nota general Incluye índice.
700 1# - PUNTO DE ACCESO ADICIONAL--NOMBRE DE PERSONA
Nombre de persona Meyer, Warren G.
9 (RLIN) 52491
700 1# - PUNTO DE ACCESO ADICIONAL--NOMBRE DE PERSONA
Nombre de persona Haines, Peter G.
9 (RLIN) 52492
Holdings
Estado de retiro Estado de pérdida Restricciones de uso No para préstamo Código de colección Localización permanente Ubicación/localización actual Ubicación en estantería Fecha de adquisición Número de inventario Total de préstamos Signatura topográfica completa Código de barras Fecha visto por última vez Precio válido a partir de Tipo de ítem Koha
        Monografías: Libros y Folletos General General En catalogación 21.02.2011 LF1   nn* nn* 25721-10 25.06.2020 25.06.2020 Préstamo en sala

Powered by Koha